MARC

LEADER 00000nam0a2200000 4500
001 273483
005 20231101234632.0
020 |a RU  |b 87-74116 
035 |a (RuTPU)RU\TPU\book\296692 
090 |a 273483 
100 |a 20141027d1987 km y0rusy5003 ca 
101 0 |a rus 
102 |a RU 
105 |a a z 001zy 
200 1 |a Летучие органические и комплексные соединения f-элементов  |f Д. Н. Суглобов, Г. В. Сидоренко, Е. К. Легин 
210 |a Москва  |c Энергоатомиздат  |d 1987 
215 |a 208 с.  |c ил. 
320 |a Библиогр.: с. 197-208 (232 назв.) 
606 1 |a Редкоземельные элементы  |x Химия  |2 stltpush  |3 (RuTPU)RU\TPU\subj\24294  |9 48678 
610 1 |a галогениды 
610 1 |a алкоксиды 
610 1 |a амиды 
610 1 |a борогидриды 
610 1 |a летучие элементы 
610 1 |a хелаты 
610 1 |a газовая хроматография 
675 |a 546.65  |z rus  |v 4 
700 1 |a Суглобов  |b Д. Н.  |g Дмитрий Николаевич  |4 070 
701 1 |a Сидоренко  |b Г. В.  |g Георгий Васильевич 
701 1 |a Легин  |b Е. К.  |g Евгений Корнельевич 
801 0 |a RU  |b RuMRKP  |c 19950417  |g psbo 
801 1 |a RU  |b 63413507  |c 20141027 
801 2 |a RU  |b 63413507  |c 20170321  |g RCR 
942 |c BK